Loreto College Library, Kolkata
WEBOPAC (ONLINE PUBLIC ACCESS CATALOGUE)

Position of women informal sector workers in three slums of Bidhannagar 24 parganas(N) West Bengal (Record no. 43508)

MARC details
000 -LEADER
fixed length control field 00395nam a22001337a 4500
005 - DATE AND TIME OF LATEST TRANSACTION
control field 20230818100034.0
008 - FIXED-LENGTH DATA ELEMENTS--GENERAL INFORMATION
fixed length control field 230818b |||||||| |||| 00| 0 eng d
040 ## - CATALOGING SOURCE
Original cataloging agency Loreto college
041 ## - LANGUAGE CODE
Language code English
082 ## - DDC | ডিউই
Classification number | বর্গসংখ্যা 396
Book Number | গ্রন্থাঙ্ক BOS
245 ## - TITLE STATEMENT | অাখ্যা বিবরণী
Title | অাখ্যা Position of women informal sector workers in three slums of Bidhannagar 24 parganas(N) West Bengal
Sub title | উপঅাখ্যা a comparative study
850 ## - HOLDING INSTITUTION
Holding institution LCLIB
942 ## - ADDED ENTRY ELEMENTS (KOHA)
Koha item type Books
Holdings
Withdrawn status Lost status Source of classification Damaged status Not for loan Home library Current library Date acquired Total Checkouts Full call number Accession No. Date last seen Price effective from Koha item type Coded location qualifier
    Dewey Decimal Classification     Loreto College Loreto College 18/08/2023   396 BOS 53619 47630 18/08/2023 18/08/2023 Books